| 000 | 00665cam a22002295a 4500 | ||
|---|---|---|---|
| 001 | 4928649 | ||
| 005 | 20201124142237.0 | ||
| 008 | 960802t1997 wiua frb 001 0 eng d | ||
| 020 | _a0697235831 | ||
| 020 | _a0697235823 | ||
| 040 |
_aDLC _cDLC _dDLC _dEG-ScBUE _beng |
||
| 082 | 0 | 4 |
_a155 _222 _bSAN |
| 100 | 1 |
_aSantrock, John W. _912856 |
|
| 245 | 1 | 0 |
_aLife-span development / _cJohn W. Santrock. |
| 250 | _a6th ed. | ||
| 260 |
_aMadison : _bBrown & Benchmark Publishers, _cc.1997. |
||
| 300 |
_axxvii, 705 p. : _bill. ; _c28 cm. |
||
| 504 | _aIncludes bibliographical references and indexes. | ||
| 651 | _2BUEsh | ||
| 653 |
_bGGEN _cDecember2017 |
||
| 942 | _2ddc | ||
| 999 |
_c25744 _d25716 |
||